Artists / Singers by their Songs #19 - Statistics

General Stats
  • This quiz has been taken 172 times
  • The average score is 5 of 10
Answer Stats
Hint Answer % Correct
Just the Way You Are / Grenade / The Lazy Song / Uptown Funk Bruno Mars
97%
Can't Feel My Face / The Hills / Starboy / Call Out My Name The Weeknd
76%
London Bridge / Fergalicious / Glamorous / Big Girls Don't Cry Fergie
67%
God Only Knows / Good Vibrations / Surfin' U.S.A. / Kokomo The Beach Boys
67%
California Dreamin' / Monday, Monday / Dream A Little Dream Of Me / Creeque Alley The Mamas & the Papas
53%
Grace Kelly / Happy Ending / Lollipop / Popular Song Mika
38%
Heaven is a Place on Earth / I Get Weak / Circle in the Sand / Summer Rain Belinda Carlisle
35%
Cruel Summer / Venus / I Heard a Rumour / Robert De Niro’s Waiting Bananarama
33%
Fire and Rain / Don't Let Me Be Lonely Tonight / Something In The Way She Moves / Copperline James Taylor
19%
Dancing with a Stranger / Love Lies / Motivation / Wild Side Normani
19%
No matching quizzes found
Score Distribution
Percent of People with Each Score
Percentile by Number Answered
Your Score History
You have not taken this quiz